000 00598nam a2200205Ia 4500
005 20250508162601.0
008 008 250505s9999 xx 000 0 eng d
020 _a81-7030-035-5
037 _aTextual
040 _aFEDL
_beng
_cFEDL
041 _aeng
_2eng
084 _a181.48, BHA
_qFEDL
100 _aBhattacharyya Ashutosh
_9773508
245 0 _aStudies in post-samkara dialectics
260 _aDelhi, India
_bSri Satguru Publications
_c1936
300 _axxii,322p.
650 _aOriental Philosophy
_9755543
942 _cTEXL
_h181.48, BHA
999 _c1377460
_d1377460